| Tag |
First Indicator |
Second Indicator |
Subfields |
| LEADER |
00000cem a2200000Ia 4500 |
| 001 |
in00000005989 |
| 005 |
20150927203248.0 |
| 007 |
aj canzn |
| 008 |
990817s1994 mouabcgcc a f 0 eng d |
| 034 |
1 |
|
|a a
|b 500000
|d E1610000
|e E1780000
|f N0720000
|g N0680000
|
| 035 |
|
|
|a (OCoLC)ocm42134829
|
| 035 |
|
|
|a (OCoLC)42134829
|
| 037 |
|
|
|a TPCXXC 07 B
|b DMA
|
| 040 |
|
|
|a GPO
|c GPO
|d UtOrBLW
|
| 049 |
|
|
|a TXAM
|
| 052 |
|
|
|a 7201
|
| 074 |
|
|
|a 0378-E-05
|
| 086 |
0 |
|
|a D 5.354:TPC C-7 B/994
|
| 090 |
|
|
|a G3201.P6 s500
|b .U5 TPC C-7B
|
| 110 |
2 |
|
|a Aerospace Center (U.S.)
|
| 245 |
1 |
0 |
|a Tactical pilotage chart, TPC.
|n C-7B,
|p Russia /
|c prepared and published by the Defense Mapping Agency Aerospace Center.
|
| 246 |
3 |
0 |
|a Russia
|
| 246 |
2 |
|
|a TPC, Russia
|
| 250 |
|
|
|a Ed. 4.
|
| 255 |
|
|
|a Scale 1:500,000 ;
|b Lambert conformal conic proj., standard parallels 65⁰20ʹ and 70⁰40ʹ
|c (E 161⁰--E 178⁰/N 72⁰--N 68⁰).
|
| 264 |
|
1 |
|a St. Louis, Mo. :
|b The Center ;
|c [1994]
|
| 264 |
|
2 |
|a Riverdale, MD :
|b NOAA Distribution Branch (N/ACC3), National Ocean Service [distributor],
|
| 300 |
|
|
|a 1 map :
|b color ;
|c sheet 106 x 146 cm., folded to 27 x 37 cm.
|
| 336 |
|
|
|a cartographic image
|b cri
|2 rdacontent
|
| 337 |
|
|
|a unmediated
|b n
|2 rdamedia
|
| 338 |
|
|
|a sheet
|b nb
|2 rdacarrier
|
| 500 |
|
|
|a Relief shown by contours, shading, tints, and spot heights.
|
| 500 |
|
|
|a "Air information current through 22 March 1994."
|
| 500 |
|
|
|a Shipping list number: 99-2008-S.
|
| 500 |
|
|
|a "Compiled August 1993."
|
| 500 |
|
|
|a "Lithographed by DMAAC 7-94."
|
| 500 |
|
|
|a Includes elevation tints and interchart relationship diagrams.
|
| 500 |
|
|
|a Shipping List #: 99-2008-S
|
| 500 |
|
|
|a Shipping List Date: 07/28/99
|
| 500 |
|
|
|a Cartographic material.
|
| 650 |
|
0 |
|a Aeronautical charts
|z Russia (Federation)
|
| 994 |
|
|
|a E0
|b TXA
|
| 999 |
|
|
|a MARS
|
| 999 |
f |
f |
|s df7e0d2c-af7d-3751-8d05-c365263a8a4a
|i a37c62c7-d464-336d-a96f-a8d6f51dfce4
|t 0
|
| 952 |
f |
f |
|p normal
|a Texas A&M University
|b College Station
|c Sterling C. Evans Library
|d Evans: Maps File (2nd floor)
|t 0
|e G3201.P6 s500 .U5 TPC C-7B
|h Library of Congress classification
|i unmediated -- sheet
|m A14827047648
|
| 998 |
f |
f |
|a G3201.P6 s500 .U5 TPC C-7B
|t 0
|l Evans: Maps File (2nd floor)
|